|
|
|
|
| LEADER |
01326nam a22002897a 4500 |
| 001 |
40090 |
| 003 |
BD-DhAAL |
| 005 |
20250813154240.0 |
| 008 |
221124t2020 bg a|||| |||| 001 0 eng d |
| 020 |
|
|
|a 9789843445230
|
| 040 |
|
|
|a BD-DhAAL
|d BD-DhAAL
|
| 082 |
|
|
|a 954.14
|
| 245 |
|
|
|a History of Bangladesh :
|b Sultanate and Mughal Periods (c. 1200 to 1800 CE).
|n Volume 1 /
|c edited by Abdul Momin Chowdhury
|
| 260 |
|
|
|a Dhaka :
|b Asiatic society of bangladesh,
|c 2020
|
| 300 |
|
|
|a xxxii, 660 pages :
|b illustrations ;
|c 25 cm
|
| 362 |
|
|
|a Vol. 1
|
| 504 |
|
|
|a Includes bibliographic references and index.
|
| 505 |
|
|
|a v. 1. Political history.
|
| 541 |
|
|
|a Development book agency
|e 40090
|
| 650 |
|
|
|a Bengal (India)
|x Politics and government.
|9 52609
|
| 650 |
|
|
|a Bengal (India)
|x Kings and rulers.
|9 52610
|
| 650 |
|
|
|a Bengal (India)
|x History.
|9 52611
|
| 700 |
|
|
|a Chowdhury, Abdul Momin
|9 52738
|
| 852 |
|
|
|a Ayesha Abed Library
|c General stacks
|
| 942 |
|
|
|2 ddc
|c BK
|
| 999 |
|
|
|c 45071
|d 45071
|
| 952 |
|
|
|0 0
|1 0
|2 ddc
|4 0
|6 954_140000000000000_HIS
|7 0
|9 72369
|a BRACUL
|b BRACUL
|c CIR
|d 2022-11-20
|e Development Book Agency
|g 1750.00
|l 151
|m 1
|o 954.14 HIS
|p 3010040090
|r 2026-04-20
|s 2026-04-20
|t 1
|v 1750.00
|w 2022-11-20
|y 1HOUR
|x According to Gazi Md. Mizanur Rahman (Assistant Professor, ENH) instruction, the book has been reserved as one hour loan.
|